Cyclisme : Top 20 du Tour de Romandie 2024 - Statistiques

Statistiques générales
  • Ce quiz a été pris 21 fois
  • Le résultat moyen est 12 sur 20
Statistiques - réponses
Position Equipe Coureur % Correct
1er Ineos Grenadier Carlos Rodriguez
95%
12eme Arkea B&B Hotels Cristian Rodriguez
95%
5eme UAE Team Emirates Juan Ayuso
84%
2eme BORA Hansgrohe Alexandr Vlasov
79%
17eme Cofidis Guillaume Martin
79%
8eme Groupama FDJ Lenny Martinez
79%
6eme Movistar Team Enric Mas
74%
3eme BORA Hansgrohe Florian Lipowitz
74%
7eme EF Education Easypost Richard Carapaz
74%
13eme UAE Team Emirates Adam Yates
68%
11eme Jayco AlUla Simon Yates
68%
14eme Groupama FDJ David Gaudu
63%
10eme Ineos Grenadier Egan Bernal
63%
4eme Soudal Quick Step Ilan Van Wilder
63%
9eme Lidl Trek Tao Geoghegan Hart
37%
18eme UAE Team Emirates Pavel Sivakov
26%
19eme Q36.5 Pro Cycling Team Damien Howson
16%
15eme Q36.5 Pro Cycling Team David De La Cruz
16%
16eme Lotto Dstny Harm Vanhoucke
16%
20eme Visma Lease a Bike Johannes Staune-Mittet
5%
Aucun quiz correspondant
Distribution des résultats
% des personnes avec chaque résultat
Percentile par nombre de réponses
Votre historique - résultats
Vous n’avez pas pris ce quiz